[Event "Oceania zt 3.6 (Women)"]
[White "Quek, Shi Ning Kristine"]
[Black "Fan, Chloe"]
[Site "Melbourne"]
[Round "2"]
[Result "0-1"]
[Date "2023.01.24"]
[WhiteElo "1807"]
[BlackElo "1554"]
[PlyCount "74"]
[EventDate "2023.01.09"]
[EventType "swiss"]
[EventRounds "9"]
[EventCountry "AUS"]
[SourceTitle "CBM 212 Extra"]
[Source "ChessBase"]
[SourceDate "2023.03.31"]
[SourceVersion "1"]
[SourceVersionDate "2023.03.31"]
[SourceQuality "1"]

1. e4 e5 2. Nf3 Nc6 3. Bc4 Bc5 4. c3 Nf6 5. d4 exd4 6. cxd4 Bb4+ 7. Nc3 Nxe4 8. 0-0 Bxc3 9. d5 Ne5 10. bxc3 Nxc4 11. Qd4 0-0 12. Qxe4 Nd6 13. Qg4 f5 14. Qf4 Ne4 15. Bb2 b6 16. c4 Ba6 17. Rac1 Rc8 18. Rfd1 Qe7 19. Rd3 Qd6 20. Ne5 Rce8 21. h4 Rf7 22. Rf3 Rff8 23. h5 Qf6 24. Re3 Qd6 25. Rh3 Re7 26. f3 Qc5+ 27. Kh2 Qf2 28. Nd3 Qe2 29. fxe4 fxe4 30. Qg5 exd3 31. Rg3 d2 32. Bxg7 dxc1Q 33. Qxc1 Rxg7 34. Rxg7+ Kxg7 35. Qg5+ Kh8 36. h6 Qb2 37. Qe7 Qf6 0-1

[Event "Box Hill op"]
[White "Fan, Chloe"]
[Black "Ng, Reiner"]
[Site "Box Hill"]
[Round "4"]
[Result "0-1"]
[Date "2019.11.15"]
[WhiteElo "923"]
[BlackElo "1659"]
[PlyCount "102"]
[EventDate "2019.10.18"]
[EventType "swiss"]
[EventRounds "9"]
[EventCountry "AUS"]
[SourceTitle "EXT 2021"]
[Source "ChessBase"]
[SourceDate "2020.10.23"]
[SourceVersion "1"]
[SourceVersionDate "2020.10.23"]
[SourceQuality "1"]

1. e4 e5 2. Nf3 Nc6 3. Bb5 a6 4. Bxc6 dxc6 5. d4 exd4 6. Qxd4 Qxd4 7. Nxd4 Bd6 8. Nc3 Ne7 9. Be3 Bd7 10. 0-0-0 0-0-0 11. f3 Rhe8 12. Nde2 Ng6 13. g3 Ne5 14. f4 Ng4 15. Rd3 c5 16. Bg1 Bc6 17. h3 Nf6 18. Bh2 Nxe4 19. Rf1 Nxc3 20. Nxc3 c4 21. Rd2 Re3 22. Nd5 Bxd5 23. Rxd5 Re2 24. Bg1 Bxf4+ 25. Kd1 Rxd5+ 26. Kxe2 Bxg3 27. Rxf7 Be5 28. b3 cxb3 29. axb3 Bf6 30. Bh2 Rc5 31. Kd3 Kd8 32. Rf8+ Ke7 33. Rb8 b6 34. b4 Rc3+ 35. Kd2 Kd7 36. Bg1 Rxh3 37. Ra8 Bc3+ 38. Ke2 Bxb4 39. Rxa6 Ra3 40. Rxa3 Bxa3 41. Bd4 g6 42. Kf3 Ke6 43. Kf4 Kd5 44. Bf6 Bc1+ 45. Kf3 c5 46. Bd8 b5 47. Ba5 b4 48. Ke2 Kc4 49. Kd1 Bf4 50. Bd8 g5 51. Bf6 h5 0-1

[Event "Box Hill op"]
[White "Dissanayake, Himath"]
[Black "Fan, Chloe"]
[Site "Box Hill"]
[Round "3"]
[Result "0-1"]
[Date "2019.11.08"]
[WhiteElo "1849"]
[BlackElo "923"]
[PlyCount "98"]
[EventDate "2019.10.18"]
[EventType "swiss"]
[EventRounds "9"]
[EventCountry "AUS"]
[SourceTitle "EXT 2021"]
[Source "ChessBase"]
[SourceDate "2020.10.23"]
[SourceVersion "1"]
[SourceVersionDate "2020.10.23"]
[SourceQuality "1"]

1. e4 e5 2. Nf3 Nc6 3. Bb5 a6 4. Ba4 d6 5. d4 b5 6. Bb3 Nxd4 7. Nxd4 exd4 8. Bd5 Rb8 9. 0-0 Bd7 10. c3 dxc3 11. Nxc3 Be7 12. Qb3 Be6 13. Bxe6 fxe6 14. Qxe6 Qd7 15. Qb3 Nf6 16. Be3 c5 17. Rad1 c4 18. Qc2 0-0 19. f3 Qe6 20. Ne2 Rbc8 21. Qd2 Rfd8 22. Nf4 Qf7 23. Nd5 Nxd5 24. Qxd5 Bf6 25. Qxf7+ Kxf7 26. Bd4 Bxd4+ 27. Rxd4 Ke6 28. Rc1 Rc5 29. Kf2 Rdc8 30. Rcd1 R8c6 31. f4 b4 32. Ke3 a5 33. f5+ Ke7 34. g4 c3 35. bxc3 bxc3 36. Rd5 Rxd5 37. exd5 c2 38. Rc1 Rc5 39. h4 Kf6 40. Kd4 h5 41. gxh5 Kxf5 42. Kd3 Rxd5+ 43. Kxc2 Rc5+ 44. Kd2 Rxc1 45. Kxc1 Kg4 46. Kb2 Kxh5 47. Ka3 Kxh4 48. Ka4 g5 49. Kxa5 g4 0-1